ბათუმის შოთა რუსთაველის სახელმწიფო უნივერსიტეტის ბიბლიოთეკა

Young children as artists : (ბიბ.ჩანაწერი № 58417)

000 -LEADER
fixed length control field 00767cam a2200217 i 4500
001 - CONTROL NUMBER
control field 17962693
005 - DATE AND TIME OF LATEST TRANSACTION
control field 20220125113131.0
008 - FIXED-LENGTH DATA ELEMENTS--GENERAL INFORMATION
fixed length control field 131204s2014 enkaf b 001 0 eng
020 ## - INTERNATIONAL STANDARD BOOK NUMBER
International Standard Book Number 9780415517270
041 ## - LANGUAGE CODE
Language code of text/sound track or separate title eng
080 ## - UNIVERSAL DECIMAL CLASSIFICATION NUMBER
Universal Decimal Classification number 372.87 T-97
100 1# - MAIN ENTRY--PERSONAL NAME
Personal name Tutchell, Suzy
9 (RLIN) 13444
245 10 - TITLE STATEMENT
Title Young children as artists :
Remainder of title art and design in the early years and key stage 1 /
Statement of responsibility, etc. Suzy Tutchell.
264 #1 - PRODUCTION, PUBLICATION, DISTRIBUTION, MANUFACTURE, AND COPYRIGHT NOTICE
Place of production, publication, distribution, manufacture London ;
Name of producer, publisher, distributor, manufacturer Routledge,
Date of production, publication, distribution, manufacture, or copyright notice 2014.
300 ## - PHYSICAL DESCRIPTION
Extent 207 pages :
Other physical details illustrations;
Dimensions 25 cm.
653 ## - INDEX TERM--UNCONTROLLED
keyword შემოქმედებითი უნარი ბავშვებში
653 ## - INDEX TERM--UNCONTROLLED
keyword პედაგოგიკა
653 ## - INDEX TERM--UNCONTROLLED
keyword Творческие способности у детей
653 ## - INDEX TERM--UNCONTROLLED
keyword Педагогика
942 ## - ADDED ENTRY ELEMENTS (KOHA)
Source of classification or shelving scheme
Koha item type წიგნი
ეგზემპლარები
Withdrawn status Lost status Source of classification or shelving scheme Damaged status Not for loan Permanent Location Current Location Shelving location Date acquired Cost, normal purchase price Full call number Barcode Date last seen Copy number Price effective from Koha item type Public note
          ბათუმის შოთა რუსთაველის სახელმწიფო უნივერსიტეტის მთავარი ბიბლიოთეკა ბათუმის შოთა რუსთაველის სახელმწიფო უნივერსიტეტის მთავარი ბიბლიოთეკა წიგნსაცავი 2022-01-25 70.00 372.87 T-97 62142 2022-01-25 62142 2022-01-25 წიგნი 70 ლ.